000 00193 a2200097 4500
020 _a9780892393275
041 _aspa
100 _aLulu Delacre
245 _aOlinguito de la a la z
942 _cBK
999 _c29224
_d29222